| 000 | 01525nam a22002775a 4500 | ||
|---|---|---|---|
| 003 | OSt | ||
| 005 | 20180424151746.0 | ||
| 008 | 180424s1988 xx a frb 000 0 ara d | ||
| 020 | _a9226067481 | ||
| 040 |
_aEG-ScBUE _bara _cEG-ScBUE |
||
| 043 | _ama----- | ||
| 082 | 0 | 4 |
_a331.1109174927 _bس ك ا _222 |
| 245 | 0 | 2 |
_aالسكان وحركة القوى العاملة والسياسات البديلة في إطار التخطيط الإنمائي في العالم العربي / _cمراجعة نبيل خوري ؛ المساهمون رجاء عبد الرسول حسن... [إلخ.]. |
| 250 | _aط. 1. | ||
| 260 |
_a[د. م.] : _bجمهورية قبرص، وزارة المالية، دائرة الإحصاءات والأبحاث ؛ _a[د. م.] : _bمنظمة العمل الدولية، المكتب الإقليمي للدول العربية، فريق عمل السكان والقوى العاملة في منطقة الشرق الأوسط وحوض البحر الأبيض المتوسط، _c1988. |
||
| 300 |
_a172 ص. : _bإيض. ؛ _c24 سم. |
||
| 504 | _aيشتمل على إرجاعات ببليوجرافية. | ||
| 541 |
_aأ. محمد فريد خميس ؛ _cإهداء ؛ |
||
| 650 | 7 |
_aالقوى العاملة _zالبلاد العربية. _2BUEsh |
|
| 650 | 7 |
_aالسكان _zالبلاد العربية. _2BUEsh |
|
| 651 | _2BUEsh | ||
| 653 |
_bGGEN _cApril2018 |
||
| 700 | 1 |
_aخوري، نبيل، _eمراجع. |
|
| 700 | 1 |
_aحسن، رجاء عبد الرسول، _eمساهم. |
|
| 942 | _2ddc | ||
| 999 |
_c26590 _d26562 |
||